Invertebrate FOSSILS / (Record no. 182891)

000 -LEADER
fixed length control field 01146 a2200181 4500
003 - CONTROL NUMBER IDENTIFIER
control field Nust
005 - DATE AND TIME OF LATEST TRANSACTION
control field 20221013122309.0
020 ## - INTERNATIONAL STANDARD BOOK NUMBER
International Standard Book Number 8123911394
040 ## - CATALOGING SOURCE
Transcribing agency Nust
082 ## - DEWEY DECIMAL CLASSIFICATION NUMBER
Classification number 562,MOO
100 ## - MAIN ENTRY--PERSONAL NAME
Personal name Raymond C. Moore,
9 (RLIN) 13744
245 ## - TITLE STATEMENT
Title Invertebrate FOSSILS /
Statement of responsibility, etc. Raymond C. Moore, Cecil G. Lalicker & Alfred G. Fischer.
260 ## - PUBLICATION, DISTRIBUTION, ETC.
Place of publication, distribution, etc. New York,
Name of publisher, distributor, etc. McGraw-Hill, 1952.
Date of publication, distribution, etc. 1952
300 ## - PHYSICAL DESCRIPTION
Extent 766 p. illus
Other physical details . 25 cm.
505 ## - FORMATTED CONTENTS NOTE
Formatted contents note The Nature of Fossils (Page-1), Foraminifera and Radiolarian (Page-39), Sponges and Spongelike Fossils (Page-79), Coelenterates (Page-99), Bryozoans (Page-156), Brachiopods (Page-199), Mollusks (Page-269), Gastropods (Page-277), Cephalopods (Page-336), Pelecypods (Page-400), Annelids and other Worms (Page-452), Arthropods (Page-464) Trilobites (Page-478), Ostracodes and other Crustaceans (Page-521), Chelicerates Myriapods and Insects (Page-552), Echinoderms (Page-577), Primiive Attached Echinoderms (Page-582), Crinoids (Page-604), Holothuroids (Page-653), Starfishes (Page-659), Echinoids (Page-675), Graptolites and Pterobranchs (Page-715), Conodonts (Page-733).
650 ## - SUBJECT ADDED ENTRY--TOPICAL TERM
Topical term or geographic name entry element fossils
9 (RLIN) 100123
942 ## - ADDED ENTRY ELEMENTS (KOHA)
Source of classification or shelving scheme
Koha item type Book
Holdings
Withdrawn status Lost status Source of classification or shelving scheme Damaged status Not for loan Permanent Location Current Location Shelving location Date acquired Full call number Barcode Date last seen Price effective from Koha item type Public note
          Military College of Signals (MCS) Military College of Signals (MCS) General Stacks 12/12/2016 562,MOO MCS33630 12/08/2016 12/12/2016 Book Almirah No.25, Shelf No.6
© 2023 Central Library, National University of Sciences and Technology. All Rights Reserved.